The American species of Limnorchis and Piperia, north of Mexico, (Record no. 13859)
[ view plain ]
| 000 -LEADER | |
|---|---|
| fixed length control field | 00835cam a22002531 4500 |
| 001 - CONTROL NUMBER | |
| control field | ca 09000053 |
| 003 - CONTROL NUMBER IDENTIFIER | |
| control field | DLC |
| 005 - DATE AND TIME OF LATEST TRANSACTION | |
| control field | 20260227111048.0 |
| 008 - FIXED-LENGTH DATA ELEMENTS--GENERAL INFORMATION | |
| fixed length control field | 781221s1901 nyua 000 0 eng |
| 010 ## - LIBRARY OF CONGRESS CONTROL NUMBER | |
| LC control number | ca 09000053 |
| 035 ## - SYSTEM CONTROL NUMBER | |
| System control number | (OCoLC)4481273 |
| 040 ## - CATALOGING SOURCE | |
| Original cataloging agency | DLC |
| Transcribing agency | TxU-Da |
| Modifying agency | OCoLC |
| -- | DLC |
| 042 ## - AUTHENTICATION CODE | |
| Authentication code | premarc |
| 050 00 - LIBRARY OF CONGRESS CALL NUMBER | |
| Classification number | QK1 |
| Item number | .N515 no. 19 |
| 100 1# - MAIN ENTRY--PERSONAL NAME | |
| Personal name | Rydberg, Per Axel, |
| Dates associated with a name | 1860-1931. |
| 245 14 - TITLE STATEMENT | |
| Title | The American species of Limnorchis and Piperia, north of Mexico, |
| Statement of responsibility, etc. | by Per Axel Rydberg. |
| 260 ## - PUBLICATION, DISTRIBUTION, ETC. | |
| Place of publication, distribution, etc. | New York, |
| Date of publication, distribution, etc. | 1901. |
| 300 ## - PHYSICAL DESCRIPTION | |
| Extent | cover-title, p. 605-643. |
| Other physical details | illus. |
| Dimensions | 24 cm. |
| 490 0# - SERIES STATEMENT | |
| Series statement | Contributions from the New York botanical garden. |
| Volume/sequential designation | no. 19 |
| 500 ## - GENERAL NOTE | |
| General note | Reprinted from the Bulletin of the Torrey botanical club 28, 25 Nov., 1901. |
| 650 #0 - SUBJECT ADDED ENTRY--TOPICAL TERM | |
| Topical term or geographic name entry element | Limnorchis. |
| 650 #0 - SUBJECT ADDED ENTRY--TOPICAL TERM | |
| Topical term or geographic name entry element | Piperia. |
| 650 #0 - SUBJECT ADDED ENTRY--TOPICAL TERM | |
| Topical term or geographic name entry element | Orchids |
| Geographic subdivision | North America. |
No items available.